Contemporary issues and challenges in banking and financial sector in India / (Record no. 205470)
[ view plain ]
| 000 -LEADER | |
|---|---|
| fixed length control field | 02362nam a2200241Ia 4500 |
| 005 - DATE AND TIME OF LATEST TRANSACTION | |
| control field | 20260313144618.0 |
| 008 - FIXED-LENGTH DATA ELEMENTS--GENERAL INFORMATION | |
| fixed length control field | 210716s2010 xx 000 0 und d |
| 020 ## - INTERNATIONAL STANDARD BOOK NUMBER | |
| International Standard Book Number | 9788174468482 |
| 040 ## - CATALOGING SOURCE | |
| Transcribing agency | AIMIT LIBRARY |
| 041 ## - LANGUAGE CODE | |
| Language code of text/sound track or separate title | eng |
| 082 ## - DEWEY DECIMAL CLASSIFICATION NUMBER | |
| Classification number | 001.072332 |
| Edition number | 1 |
| Item number | BHOU |
| 245 ## - TITLE STATEMENT | |
| Title | Contemporary issues and challenges in banking and financial sector in India / |
| Statement of responsibility, etc. | Edited by U Bhojanna and S N Murthy. |
| 250 ## - EDITION STATEMENT | |
| Edition statement | 1st ed. |
| 260 ## - PUBLICATION, DISTRIBUTION, ETC. | |
| Place of publication, distribution, etc. | New Delhi : |
| Name of publisher, distributor, etc. | Excel Books , |
| Date of publication, distribution, etc. | 2010. |
| 300 ## - PHYSICAL DESCRIPTION | |
| Extent | xxiii,728p. ; |
| Other physical details | PB |
| Dimensions | 25 cm |
| 500 ## - GENERAL NOTE | |
| General note | This book is a compilation of the articles received on twelve major contemporary issues namely, Mergers and Acquisitions, HR Issues in Banking, Microfinance, Risk Management, E-Banking, Merchant Banking, Retail Banking, Customer Relationship Management in Banking, Globalisation issues in banking, Capital Market and Banking Sector, Role of Banks and Issues of Banking Sector, for the National Conference on "Contemporary Issues and Challenges in Banking and Financial Sector in India" organized by RNS Institute of Technology, Bangalore. These topics are of great interest to academicians, research scholars and industry professionals in the banking sector. Changes in economic scenario are responsible for various banking reforms. The articles in this book highlight the opportunities and challenges faced by the banking and finance sector in the country, the origin and growth of the sector over a period and the impact of advancement in technology on the sector. The articles on Risk Management highlight the problems witnessed by the bank due to default in payment and the dynamics of credit risk. Talent is scarce, hence retaining the talent is another challenge in front of the banks. The articles on this topic deliberate upon several HR issues such as identifying, hiring and knowledge updation of human resources through training to meet the challenges of the economy. The papers on the topic of CRM make an attempt to unfold the customer relationship management in banking and financial sector and discuss how customer centric organizations have won high net-worth customers. |
| 650 ## - SUBJECT ADDED ENTRY--TOPICAL TERM | |
| Topical term or geographic name entry element | Mergers and acquistions |
| 9 (RLIN) | 185256 |
| 650 ## - SUBJECT ADDED ENTRY--TOPICAL TERM | |
| Topical term or geographic name entry element | Microfinance |
| 9 (RLIN) | 185257 |
| 650 ## - SUBJECT ADDED ENTRY--TOPICAL TERM | |
| Topical term or geographic name entry element | Risk management |
| 9 (RLIN) | 185258 |
| 700 ## - ADDED ENTRY--PERSONAL NAME | |
| Personal name | Bhojanna, U., ed. |
| 9 (RLIN) | 185259 |
| 700 ## - ADDED ENTRY--PERSONAL NAME | |
| Personal name | Murthy, S N., ed. |
| 9 (RLIN) | 185260 |
| 942 ## - ADDED ENTRY ELEMENTS (KOHA) | |
| Source of classification or shelving scheme | Dewey Decimal Classification |
| Koha item type | Book |
| Edition | 1st |
| Call number prefix | 001.072332 BHOU |
| Withdrawn status | Lost status | Source of classification or shelving scheme | Damaged status | Not for loan | Collection code | Home library | Current library | Source of acquisition | Cost, normal purchase price | Inventory number | Total Checkouts | Full call number | Barcode | Date last seen | Cost, replacement price | Price effective from | Koha item type | Date acquired |
|---|---|---|---|---|---|---|---|---|---|---|---|---|---|---|---|---|---|---|
| Dewey Decimal Classification | MCA | St Aloysius Institute of Management & Information Technology | St Aloysius Institute of Management & Information Technology | Knowledge World | 950.00 | Bill no:1349; Bill dt:2012-09-19 | 001.0723321 BHOU | MCA12153 | 07/21/2025 | 712.50 | 07/16/2021 | Book | ||||||
| Dewey Decimal Classification | MBA | St Aloysius Institute of Management & Information Technology | St Aloysius Institute of Management & Information Technology | 950.00 | Bill no:1121; Bill dt:2010-09-07 | 001.072332 BHOU | MBA08036 | 07/21/2025 | 712.50 | 07/16/2021 | Book | 09/13/2010 | ||||||
| Dewey Decimal Classification | MBA | St Aloysius Institute of Management & Information Technology | St Aloysius Institute of Management & Information Technology | 950.00 | Bill no:1121; Bill dt:2010-09-07 | 001.072332 BHOU | MBA08037 | 07/21/2025 | 712.50 | 07/16/2021 | Book | 09/13/2010 | ||||||
| Dewey Decimal Classification | MBA | St Aloysius Institute of Management & Information Technology | St Aloysius Institute of Management & Information Technology | 950.00 | Bill no:1121; Bill dt:2010-09-07 | 001.072332 BHOU | MBA08038 | 07/21/2025 | 712.50 | 07/16/2021 | Book | 09/13/2010 |